Sports Quiz

Random Sports Quiz

200 Homers & 100 Triples Quiz Stats

 Plays Quiz not verified by Sporcle

Score 0/19 Timer 07:00
0 Plays Today
HR / 3B Player % Correct
714 / 136Babe Ruth
99.5%
660 / 140Willie Mays
96.8%
493 / 163Lou Gehrig
87.2%
534 / 125Jimmie Foxx
83%
475 / 177Stan Musial
78.2%
361 / 131Joe DiMaggio
66.5%
301 / 169Rogers Hornsby
64.4%
317 / 137George Brett
55.3%
251 / 126Robin Yount
49.5%
234 / 114Paul Molitor
39.9%
HR / 3B Player % Correct
240 / 166Roberto Clemente
39.4%
307 / 149Al Simmons
38.8%
304 / 124Steve Finley
23.9%
215 / 100Johnny Damon
22.9%
248 / 173Goose Goslin
22.3%
205 / 113Joe Medwick
22.3%
256 / 127Vada Pinson
19.7%
238 / 128Earl Averill
17.6%
219 / 151Jim Bottomley
12.8%

You're not logged in!

Compare scores with friends on all Sporcle quizzes.
OR
Log In

Show Comments

Extras

Created Nov 19, 2010ReportNominate
Tags:100, 200, career, homer, player, triple

Top Quizzes Today


Score Distribution

Your Account Isn't Verified!

In order to create a playlist on Sporcle, you need to verify the email address you used during registration. Go to your Sporcle Settings to finish the process.

Report this User

Report this user for behavior that violates our Community Guidelines.

Details: